Role of potassium and sulphur on the growth, yield and oil content of soyabean (Glycine max L.) / (Record no. 9253)

MARC details
000 -LEADER
fixed length control field 01101nam a22002777a 4500
001 - CONTROL NUMBER
control field BD-DhSAU 9253
003 - CONTROL NUMBER IDENTIFIER
control field BD-DhSAU
005 - DATE AND TIME OF LATEST TRANSACTION
control field 20190110112936.0
008 - FIXED-LENGTH DATA ELEMENTS--GENERAL INFORMATION
fixed length control field 150613b2009 bg a|||| m||| 00| 0 eng d
040 ## - CATALOGING SOURCE
Original cataloging agency BD-DhSAU
082 ## - DEWEY DECIMAL CLASSIFICATION NUMBER
Edition number 22
Classification number 631.4
Item number F225
100 ## - MAIN ENTRY--PERSONAL NAME
Personal name Farhad, Ibne Saleh Md.
Relator term Registration # 04-1224
245 ## - TITLE STATEMENT
Title Role of potassium and sulphur on the growth, yield and oil content of soyabean (Glycine max L.) /
Remainder of title MS thesis
Statement of responsibility, etc. Ibne Saleh Md. Farhad
260 ## - PUBLICATION, DISTRIBUTION, ETC. (IMPRINT)
Place of publication, distribution, etc. Sher-e-Bangla Agricultural University :
Name of publisher, distributor, etc. Department of Soil Science,
Date of publication, distribution, etc. 2009.
300 ## - PHYSICAL DESCRIPTION
Extent xiii, 83 p. :
Other physical details ill. ;
Dimensions 30 cm.
500 ## - GENERAL NOTE
General note MS thesis of Department of Soil Science, Faculty of Agriculture, Sher-e-Bangla Agricultural University, Dhaka, Bangladesh
504 ## - BIBLIOGRAPHY, ETC. NOTE
Bibliography, etc Includes bibliographical reference.
590 ## - Name of Cataloguer
Name of Cataloger Jerin
650 ## - SUBJECT ADDED ENTRY--TOPICAL TERM
Topical term or geographic name as entry element Soil Science
650 ## - SUBJECT ADDED ENTRY--TOPICAL TERM
Topical term or geographic name as entry element potassium
650 ## - SUBJECT ADDED ENTRY--TOPICAL TERM
Topical term or geographic name as entry element sulphur
700 ## - ADDED ENTRY--PERSONAL NAME
Personal name Hoque, Sirajul
Relator term Superviser
700 ## - ADDED ENTRY--PERSONAL NAME
Personal name Islam, Md. Nurul
Relator term Co-superviser
856 ## - ELECTRONIC LOCATION AND ACCESS
Uniform Resource Identifier <a href="http://archive.saulibrary.edu.bd:8080/xmlui/handle/123456789/1838">http://archive.saulibrary.edu.bd:8080/xmlui/handle/123456789/1838</a>
942 ## - ADDED ENTRY ELEMENTS (KOHA)
Source of classification or shelving scheme Dewey Decimal Classification
Koha item type MS Level Thesis
Holdings
Withdrawn status Lost status Source of classification or shelving scheme Damaged status Not for loan Collection code Home library Branch Name Shelving location Date acquired Total Checkouts Full call number Barcode Date last seen Price effective from Koha item type
    Dewey Decimal Classification   Not For Loan Reference SAU Library SAU Library Reference 26/02/2015   631.4 F225 38736 19/06/2015 19/06/2015 MS Level Thesis